Sestra v ambulancii

Bibliographic Details
Main Author: Piliarová, Zuzana (Author)
Format: Article
Language:Slovak
PhysicalDescription:Obr.
ISSN:1335-9444
Subjects:

MARC

LEADER 00000nab a2200000 a 4500
001 vtls009161888
003 SK-MaSNL
005 20260304180006.0
008 250506c20061212xo brzp 0 0slo
015 |a SNBRB2007/11  |2 snkbucl 
035 |a (sysno)vtls009161888 
035 |a urn:nbn:sk:snk-ab70zg 
035 |a (uuid)44c7dfac-9a91-4935-8133-8c9a9e675c94 
035 |a (urnnbn)urn:nbn:sk:snk:ar-a06hma 
040 |a SNKBUCL  |b slo  |c SNKBUCL  |e AACR2 
041 0 |a slo 
044 |a xo  |c SK 
080 |a 616-083  |2 2001 
080 |a 614.253.5  |2 2001 
100 1 |a Piliarová, Zuzana  |4 aut  |9 1509029 
245 1 0 |a Sestra v ambulancii  |c Zuzana Piliarová 
300 |b Obr. 
500 |a Dokončenie v budúcom čísle Sestry. 
650 0 7 |a ošetrovateľská starostlivosť  |2 SNKPH  |9 63308 
650 0 7 |a zdravotné sestry  |2 snkbucl  |9 70278 
650 0 7 |a ambulancie  |2 snkbucl  |9 408348 
773 0 |t Sestra : časopis pre zdravotníckych pracovníkov a inú odbornú verejnosť  |g Roč. V, č. 3 - 4 (2006), s. 9  |x 1335-9444 
850 |a Slovenská národná knižnica 
852 |a Slovenská národná knižnica 
954 |a odborná, vedecká literatúra pôvodná (slovenská)  |2 lita 
958 |a article27 
958 |a SK 
958 |a MI 
958 |a OND 
958 |a EUIPO 
999 |c 3015993  |d 3017923